000
00284nam a2200109Ia 4500
008
201216s9999 xx 000 0 und d
100
_a
Morgan, James E.
245
0
_a
Administrative and supervisory management
260
_a
Englewood Cliffs
_b
Prentice Hall
300
_a
318
942
_c
BK
999
_c
6224
_d
6224